Formacion ética y ciudadana : los derechos humanos, la vida democrática y la sociedad justa /
Guardado en:
| Autor Principal: | |
|---|---|
| Otros Autores: | , , , |
| Formato: | Libro |
| Publicado: |
Buenos Aires :
Santillana ,
1998
|
| Series: | Santillana Polimodal
|
| Materias: | |
| Etiquetas: |
Agregar Etiqueta
Sin Etiquetas, Sea el primero en etiquetar este registro!
|
| LEADER | 01898nam a22003615a 4500 | ||
|---|---|---|---|
| 001 | CEM.cems010060 | ||
| 008 | 130507s1998##################000#0#####d | ||
| 005 | 20231108102833.0 | ||
| 245 | 1 | 0 | |a Formacion ética y ciudadana : |b los derechos humanos, la vida democrática y la sociedad justa / |c Alicia B. Casullo ... [et Al.] |
| 260 | |a Buenos Aires : |b Santillana , |c 1998 | ||
| 300 | |a 208 p. | ||
| 490 | 0 | |a Santillana Polimodal | |
| 500 | |a Para 1°año Polimodal | ||
| 505 | 0 | |a La formación ética y ciudadana -- El saber ético y ciudadano -- Herramientas del saber ser -- Los derechos humanos -- La dignidad humana -- Las luchas por los derechos humanos -- Los derechos humanos en el arte y en la cultura -- La vida democrática -- El Estado y la sociedad -- La democracia y la gente -- La democracia en el arte y en la cultura -- La sociedad justa -- Teorías de la justicia -- La sociedad y la justicia -- La justicia en el arte y en la cultura -- Carpeta de trabajos prácticos -- Documentos -- Proyecto de trabajo: el periódico escolar | |
| 020 | |a 9504605826 | ||
| 100 | 1 | |a Casullo, Alicia B. | |
| 700 | 1 | |a Funes, Ernesto M. | |
| 700 | 1 | |a Hirschmann, Pablo G. | |
| 700 | 1 | |a Rasnosky, Judith | |
| 700 | 1 | |a Schuster, Federico L. | |
| 082 | 0 | 4 | |a Z320 |
| 653 | |a Formación ética y ciudadana | ||
| 653 | |a Formación ética y ciudadana-olimodal | ||
| 653 | |a Derechos humanos | ||
| 653 | |a Estado | ||
| 653 | |a Sociedad | ||
| 653 | |a Justicia | ||
| 859 | |a CEMS |b BIB. CEMS - Agricultura |h 320 |i C279 |p A3627.23 |t Ej.1 | ||
| 859 | |a CEMS |b BIB. CEMS - 11 de abril |h Z320 |i C279-3 |p 20575.99 |t Ej.1 | ||
| 859 | |a CEMS |b BIB. CEMS - 11 de abril |h Z320 |i C279-3 |p 20576.99 |t Ej.2 | ||
| 859 | |a CEMS |b BIB. CEMS - 11 de abril |h Z320 |i C279-3 |p 20731.00 |t Ej.3 | ||
| 859 | |a CEMS |b BIB. CEMS - 11 de abril |h Z320 |i C279-3 |p 22541.04 |t Ej.4 | ||
| 859 | |a CEMS |b BIB. CEMS - 11 de abril |h Z320 |i C279-3 |p 27552.18 |t Ej.5 | ||
